000 00376nam a2200145Ia 4500
005 20250729165742.0
008 250729s2013 xx 000 0 und d
041 _aeng
082 _a372.25 AYOE
100 _aDr.P .Ayodhya
_9232119
245 _aFoundations of Education
260 _aNew Delhi
_bNeelkamal Publication
_c2013
300 _a402p
650 _aEducation
_9232120
999 _c239623
_d239623